000 01165nam a2200265Ia 4500
001 18515
003 GE_BSU
008 181216s||||||||xx |||||||||||||| ||und||
020 _a9789941227172
040 _cGE_BSU
080 _a330.34(479.22)
100 _aერქომაიშვილი,გულნაზ
245 _aსაქართველოს განვითარების ეკონომიკური პოლიტიკის პრიორიტეტული მიმართულებები
245 _cრედ. რევაზ გველესიანი
260 _aთბილისი
260 _bუნივერსალი
260 _c2016
300 _a147გვ. ; 20სმ
300 _eბიბლ.გვ.134-140
520 _aპარ.სათ. ინგლ.ენ.
541 _h12ლ.30თ.
653 _aეკონომიკა
653 _aსაქართველოს განვითარების ეკონომიკური პოლიტიკის პრიორიტეტული მიმართულებები
942 _cBK
999 _c51526
_d51526